Online
Catalog

Traspasando fronteras / (Record no. 21648)

MARC details
000 -CABECERA
campo de control de longitud fija 00893nam a2200241 a 4500
001 - NÚMERO DE CONTROL
campo de control 000022150
005 - FECHA Y HORA DE LA ÚLTIMA TRANSACCIÓN
campo de control 20200930011614.0
008 - DATOS DE LONGITUD FIJA--INFORMACIÓN GENERAL
campo de control de longitud fija 100917s1977 mx 001 0dspa d
040 ## - FUENTE DE LA CATALOGACIÓN
Centro catalogador/agencia de origen DO-SdBNP
Lengua de catalogación spa
Centro/agencia transcriptor BNPHU
082 ## - NÚMERO DE LA CLASIFICACIÓN DECIMAL DEWEY
Número de clasificación 325.2720973
Número de documento/Ítem G146t
049 ## - FONDOS LOCALES (OCLC)
Fondos de biblioteca BNPD
100 1# - ENTRADA PRINCIPAL--NOMBRE DE PERSONA
Nombre de persona Galarza, Ernesto,
Fechas asociadas al nombre 1905-1984
9 (RLIN) 45850
245 10 - MENCIÓN DE TÍTULO
Título Traspasando fronteras /
Mención de responsabilidad, etc. Ernesto Galarza ; prólogo Jorge A. Bustamante.
260 ## - PUBLICACIÓN, DISTRIBUCIÓN, ETC.
Lugar de publicación, distribución, etc. México :
Nombre del editor, distribuidor, etc. Secretaría de Educación Pública,
Fecha de publicación, distribución, etc. 1977.
300 ## - DESCRIPCIÓN FÍSICA
Extensión 249 p. ;
Dimensiones 20 cm.
490 1# - MENCIÓN DE SERIE
Mención de serie Frontera
650 #4 - PUNTO DE ACCESO ADICIONAL DE MATERIA--TÉRMINO DE MATERIA
Término de materia o nombre geográfico como elemento de entrada Inmigrantes
Subdivisión geográfica Estados Unidos
Subdivisión general Biografías
9 (RLIN) 45851
650 #4 - PUNTO DE ACCESO ADICIONAL DE MATERIA--TÉRMINO DE MATERIA
Término de materia o nombre geográfico como elemento de entrada Méxicanos americanos
Subdivisión geográfica Estados Unidos, California
Subdivisión general Vida social y costumbres
9 (RLIN) 45852
651 #4 - PUNTO DE ACCESO ADICIONAL DE MATERIA--NOMBRE GEOGRÁFICO
Nombre geográfico México
Subdivisión general Emigración E Inmigración
Subdivisión geográfica Estados Unidos
9 (RLIN) 31790
700 1# - PUNTO DE ACCESO ADICIONAL--NOMBRE DE PERSONA
Nombre de persona Bustamante, Jorge A.,
Término indicativo de función/relación pról.
9 (RLIN) 45853
830 #0 - PUNTO DE ACCESO ADICIONAL DE SERIE-TÍTULO UNIFORME
Título uniforme Frontera
9 (RLIN) 45854
910 ## - DATOS DE OPCIÓN DEL USUARIO (OCLC)
Datos de opción del usuario Validado. Control de calidad EMS
Holdings
Estado de retiro Estado de pérdida Restricciones de uso No para préstamo Código de colección Localización permanente Ubicación/localización actual Ubicación en estantería Fecha de adquisición Número de inventario Total de préstamos Signatura topográfica completa Código de barras Fecha visto por última vez Precio válido a partir de Tipo de ítem Koha
      Excluido de préstamo Monografías: Libros y Folletos Patrimonio Dominicano Patrimonio Dominicano Depósito 17.09.2010 LF1   325.2720973 G146t 22150-10 25.06.2020 25.06.2020 No se presta

Powered by Koha